Capitals of German States - Statistics

General Stats
  • This quiz has been taken 27 times
  • The average score is 8 of 16
Answers on the Grid
Answers color-coded by a green-red scale on the quiz's grid according to % correct below.
Nuremberg
Leipzig
Hanover
Potsdam
Düsseldorf
Saarbrücken
Neandertal
Bonn
Wiesbaden
Oberhausen
Erfurt
Stuttgart
Kassel
Dresden
Magdeburg
Gelsenkirchen
Bremen
Essen
Frankfurt
Mainz
Hamburg
Kiel
Munich
Ludwigshafen
Freiburg
Schwerin
Berlin
 
Answer Stats
Answer % Correct
Munich
75%
Berlin
69%
Bremen
69%
Hamburg
69%
Hanover
56%
Stuttgart
56%
Düsseldorf
50%
Saarbrücken
50%
Dresden
44%
Erfurt
44%
Kiel
44%
Potsdam
44%
Wiesbaden
44%
Magdeburg
31%
Mainz
31%
Schwerin
31%
No matching quizzes found
Score Distribution
Percent of People with Each Score
Percentile by Number Answered
Your Score History
You have not taken this quiz